| 000 | 004500000a22001810004500 | ||
|---|---|---|---|
| 003 | MACL | ||
| 005 | 20240913123451.0 | ||
| 008 | 151016b xxu||||| |||| 00| 0 eng d | ||
| 040 |
_aMACL _cMACL |
||
| 041 | _aEnglish | ||
| 082 | _a920/TEN | ||
| 100 |
_aTendulkar, D. G, _915349 |
||
| 245 |
_aAbdul Ghaffar khan _bFaith is A Battle |
||
| 260 |
_bPopular Prakashan _c1967 _aBombay |
||
| 350 | _a50 | ||
| 650 |
_aBiography _915350 |
||
| 942 |
_cBK _k920 _2ddc |
||
| 999 |
_c3921 _d3921 |
||